000 00647nam a2200277Ia 4500
005 20260324123743.0
008 008 260324s9999 xx 000 0 eng d
020 _a9781315604589
037 _aEBOOK
040 _aCRL
040 _beng
040 _cCRL
041 _2eng
041 _aeng
084 _qCRL
100 _aJoselyn M. Almeida
_91171523
245 0 _aReimagining the Transatlantic, 1780-1890
260 _bTaylor and Francis
260 _c2011
365 _a
365 _b240
856 _uhttp://www.taylorfrancis.com/books/9781315604589
942 _cEBOOK
999 _c1765311
_d1765311